| 000 | 00000nas 2200000zi 4500 |
| 001 | 9.939978 |
| 003 | CaOODSP |
| 005 | 20240627181829 |
| 006 | m o d f |
| 007 | cr cn |||||||| |
| 008 | 240627c20219999ykcar p o f0 a0eng|d |
| 022 | |a2818-4548 |
| 040 | |aCaOODSP|beng|erda|cCaOODSP |
| 043 | |an-cn-yk |
| 086 | 1 |aPS61-3E-PDF |
| 110 | 2 |aRoyal Canadian Mounted Police. |b"M" Division (Yukon), |eauthor, |eissuing body. |
| 222 | 0|aYear in review |b(Royal Canadian Mounted Police. "M" Division (Yukon)) |
| 245 | 10|aYear in review / |cYukon RCMP. |
| 264 | 1|b[Whitehorse, Yukon] : |bRoyal Canadian Mounted Police = Gendarmerie royale du Canada, |c[2022]- |
| 310 | |aAnnual |
| 336 | |atext|btxt|2rdacontent |
| 337 | |acomputer|bc|2rdamedia |
| 338 | |aonline resource|bcr|2rdacarrier |
| 362 | 1 |aBegan with: 2020/2021. |
| 500 | |aIssued also in French under title: Faits saillants de l'année. |
| 588 | |aDescription based on: 2020/2021; title from PDF cover page. |
| 588 | |aLatest issue consulted: 2020/2021. |
| 610 | 20|aRoyal Canadian Mounted Police. |b"M" Division (Yukon)|vPeriodicals. |
| 650 | 0|aPolice|zYukon|vPeriodicals. |
| 655 | 7|aPeriodicals|2lcgft |
| 775 | 08|tFaits saillants de l'année / |w(CaOODSP)9.939977 |